| 000 | 00871nam a2200253 a 4500 | ||
|---|---|---|---|
| 005 | 20220530120312.0 | ||
| 008 | 991125s1995 mx 000 0 spa u | ||
| 020 | _a9681643739 | ||
| 035 | _aUPN01000016622 | ||
| 040 |
_aMX-MxUPN _bspa _cMX-MxUPN |
||
| 050 | 4 |
_aQ111 _bC5 no.138 |
|
| 100 | 1 |
_aNavarro, Adolfo _eautor |
|
| 245 | 1 | 3 |
_aEl dominio del aire / _cAdolfo Navarro, Hesiquio Benítez. |
| 250 | _aPrimera edición | ||
| 260 |
_aMéxico : _bSecretaría de Educación Pública : _bFondo de Cultura Económica : _bConsejo Nacional de Ciencia y Tecnología, _c1995. |
||
| 300 |
_a211 páginas : _bilustraciones |
||
| 490 |
_aLa Ciencia desde México ; _v138 |
||
| 650 | 2 |
_aAves _xHábitos y comportamiento _94145 |
|
| 650 | 2 |
_aAves _xMigración _94148 |
|
| 650 | 2 |
_aVuelo _914239 |
|
| 700 | 1 |
_aBenítez, Hesiquio, _eautor |
|
| 905 | _aLibro | ||
| 942 |
_2lcc _cLIBRO |
||
| 999 |
_c16622 _d16622 |
||